| 000 | 01235nac a22003131u 4500 | ||
|---|---|---|---|
| 010 | _a 2006013259 | ||
| 020 | _a0321226607 | ||
| 020 | _a9780321226600 | ||
| 020 | _a0321248554 | ||
| 035 | _a(OCoLC)ocm67392884 | ||
| 082 | 0 | 0 |
_a382 _bC3158 |
| 090 |
_c2254 _d2254 |
||
| 100 | _aCaves, Richard E. | ||
| 245 | 1 | 0 |
_aWorld trade and payments : _ban introduction / _cRichard E. Caves, Jeffrey A. Frankel, Ronald W. Jones. |
| 250 | _a10th ed. | ||
| 260 |
_aBoston, MA : _bPearson Addison Wesley,2007 _c2007. |
||
| 300 |
_a1 v. (various pagings) : _bill. ; _c24 cm. |
||
| 440 | 4 | _aThe Addison-Wesley series in economics | |
| 504 | _aIncludes bibliographical references and index. | ||
| 650 | 0 | _aInternational trade. | |
| 650 | 0 | _aBalance of payments. | |
| 650 | 0 | _aCommercial policy. | |
| 700 | 1 | _aFrankel, Jeffrey A. | |
| 700 | 1 |
_aJones, Ronald Winthrop, _d1931- |
|
| 856 | 4 | 1 |
_3Table of contents _uhttp://www.loc.gov/catdir/toc/ecip0612/2006013259.html |
| 942 |
_cBB _k382C3158 |
||
| 999 |
_c2254 _d2254 |
||